000 01161 a2200193 4500
003 Nust
005 20221214150719.0
020 _a81-297-0084-0
040 _cNust
082 _a621.3822,PRO
100 _aJohn G. Proakis,Dimitris G. Manolakis
_9104860
245 _aDigital Signal Processin /
_cJohn G. Proakis,Dimitris G. Manolakis
250 _a4th
260 _aPearson Education (Singapore)
_bIndia
_cRep .2005
300 _a984
505 _aIntroduction (Page-17), Discrete-Time Signal and Systems (Page-59), The z- Transform and its Application to the Analysis of lti Systems (Page-167), Frequency Analysis of Signal and Systems (Page-246), The Discrete Fourier Transform Its Properties and Applications (Page-410), Efficient Computation of the DFT Fast Fourier Transform Algorithms (Page-464), Implementation of Discrete-Time Systems (Page-516), Design of Digital Filters (Page-630), Sampling and Reconstruction of Signals (Page-754), Multirate Digital Signal Processing (Page-798), Linear Prediction and Optimum Linear Filters (Page-868), Power Spectrum Estimation (Page-912).
650 _a Digital Signal Processing
_960291
942 _2ddc
_cBK
999 _c190848
_d190848